Vibrations and waves in physics. (Record no. 7065)

MARC details
000 -LEADER
fixed length control field 00863nam a22002772 4500
001 - CONTROL NUMBER
control field 0000005768
005 - DATE AND TIME OF LATEST TRANSACTION
control field 20151217152005.0
008 - FIXED-LENGTH DATA ELEMENTS--GENERAL INFORMATION
fixed length control field 070716s xx 000 0 eng d
020 ## - INTERNATIONAL STANDARD BOOK NUMBER
International Standard Book Number 0521447011 :
Terms of availability KES 700
040 ## - CATALOGING SOURCE
Original cataloging agency KABU
Transcribing agency KABU
050 #0 - LIBRARY OF CONGRESS CALL NUMBER
Classification number QC136
Item number .M35 1993
100 1# - MAIN ENTRY--PERSONAL NAME
Personal name Main, Iain G.
-- 0000156981
245 10 - TITLE STATEMENT
Title Vibrations and waves in physics.
250 ## - EDITION STATEMENT
Edition statement 3rd ed.
260 ## - PUBLICATION, DISTRIBUTION, ETC. (IMPRINT)
Place of publication, distribution, etc. Cambridge :
Name of publisher, distributor, etc. CUP,
Date of publication, distribution, etc. 1993.
300 ## - PHYSICAL DESCRIPTION
Extent xviii, 359 p.
650 #0 - SUBJECT ADDED ENTRY--TOPICAL TERM
Topical term or geographic name as entry element Vibrations.
-- 0000153884
650 #0 - SUBJECT ADDED ENTRY--TOPICAL TERM
Topical term or geographic name as entry element Waves.
-- 0000153839
908 ## - PUT COMMAND PARAMETER (RLIN)
Put command parameter 070716
950 ## - LOCAL HOLDINGS (RLIN)
-- 1
Holdings
Withdrawn status Lost status Source of classification or shelving scheme Not for loan Home library Current library Date acquired Total Checkouts Full call number Barcode Date last seen Date last checked out Price effective from Koha item type Total Renewals
    Library of Congress Classification   Kabarak, Main Campus Kabarak, Main Campus 17/12/2015 3 QC136 .M35 1993 005326 19/03/2021 05/03/2021 17/12/2015 General Collection  
    Library of Congress Classification   Kabarak, Main Campus Kabarak, Main Campus 17/12/2015 1 QC136 .M35 1993 006734 28/11/2019 25/09/2019 17/12/2015 General Collection 1
    Library of Congress Classification   Kabarak, Main Campus Kabarak, Main Campus 17/12/2015 4 QC136 .M35 1993 006735 24/10/2019 30/09/2019 17/12/2015 General Collection  
    Library of Congress Classification   Kabarak, Main Campus Kabarak, Main Campus 17/12/2015 7 QC136 .M35 1993 006736 02/06/2022 23/05/2022 17/12/2015 General Collection  
    Library of Congress Classification   Kabarak, Main Campus Kabarak, Main Campus 17/12/2015 1 QC136 .M35 1993 006737 15/10/2019 30/09/2019 17/12/2015 General Collection  
Designed with assistance from East African Informatics Ltd